| 000 | 005230000a22002170004500 | ||
|---|---|---|---|
| 003 | LK-CoMWRAF | ||
| 005 | 20230830160056.0 | ||
| 008 | 230817t2001 ||||| |||| 00| 0 eng d | ||
| 020 | _a0007110367 | ||
| 040 |
_aLK-CoMWRAF _dLK-CoMWRAF _eLK-CoMWRAF |
||
| 041 | _aeng | ||
| 082 |
_a155.26 _bWEB |
||
| 100 | _aWebb, Karen | ||
| 245 | _aThe Enneagram | ||
| 260 |
_aLondon: _bThorsons, _c2001 |
||
| 300 | _a90 p. | ||
| 490 | _aThorsons First Directions | ||
| 650 | _aENNEAGRAM | ||
| 700 |
_aKyle,, Jo _eed. |
||
| 942 | _cBK | ||
| 999 |
_c2182 _d2182 |
||